Normale Ansicht MARC-Ansicht ISBD

Schleim auf der Oder - Fall fürs LKA? (Titelsatznr. 372175)

[ MARC ]
MARC-Details
000 -Satzkennung
Kontrollfeld mit fester Länge 00841nam a22002057a 4500
008 - Feld mit fester Länge zur physischen Beschreibung - Allgemeine Angaben
Kontrollfeld mit fester Länge 201127b ||||| |||| 00| 0 eng d
040 ## - Katalogisierungsquelle
Original-Katalogisierungsstelle DE-2950
Katalogisierungssprache ger
Übertragungsstelle DE-2950
Beschreibungsfestlegungen rda
041 ## - Sprachcode
Sprachcode des Textes/der Tonspur oder des separaten Titels ger
245 ## - Titel
Haupttitel Schleim auf der Oder - Fall fürs LKA?
Titelzusatz Umwelt. Bei einer Kontrollfahrt auf der Oder haben Wasserschutzpolizisten am Dienstag zwischen Eisenhüttenstadt und Framkfurt (Oder) einen braunen Film auf dem Wasser entdeckt. /
Verantwortlichkeitsangabe Ines Weber-Rath.
264 ## - Veröffentlichungsangabe, Vertriebsangabe, Herstellungsangabe
Erscheinungs-, Vertriebs-, Herstellungsdatum 2023
653 ## - Lokales Schlagwort
Nicht-normierter Term Frankfurt (Oder)
653 ## - Lokales Schlagwort
Nicht-normierter Term Oder
653 ## - Lokales Schlagwort
Nicht-normierter Term Wasserschutzpolizei
653 ## - Lokales Schlagwort
Nicht-normierter Term Gewässerverunreinigung
773 ## - Übergeordnete Einheit
Ort, Verlag und Erscheinungsjahr Frankfurt (Oder) Märkisches Verlags- und Druckhaus GmbH & Co KG
Titel Märkische Oderzeitung
Verknüpfungsangaben 34. Jahrgang (2023) Nr. 22 vom 26.01.2023, S.15: Mit Foto
942 ## - Zusätzliche Felder (Koha)
Koha-Medientyp Aufsätze
Exemplare
Ausgeschieden Verloren Beschädigt Nicht entleihbar Permanenter Standort Aktueller Standort Aufstellungsort Eingabedatum Anzahl Ausleihen Signatur Letzte Aktivität Preis gültig von Medientyp
        Stadtarchiv Frankfurt (Oder) | Archivbibliothek Stadtarchiv Frankfurt (Oder) | Archivbibliothek Magazin 26/01/2023   Z2 26/01/2023 26/01/2023 Aufsätze